Tricky Trivia 3 - Statistics

General Stats
  • This quiz has been taken 9 times
  • The average score is 4 of 20
Answer Stats
Question Answer % Correct
Ayer's Rock is also know as? Uluru
78%
What part of clothing contains teeth? Zip
67%
What does a rhinoceros horn consist of? Keratin
56%
What constellation of stars is also known as "The Hunter"? Orion
56%
In which country was Elon Musk born? South Africa
44%
What is a male donkey called? A Jack
22%
Give the probable use of horns found at Viking burial sites Drinking vessels
22%
What is a very short and imprecise period of time called? Jiffy
22%
If you are osculating, what are you doing? Kissing
22%
How far from earth is geostationary orbit achieved (to nearest 1000km)? 36000
11%
Animals which are most active at dawn and dusk are termed to be? Crepuscular
11%
What islands are also known as the "Malvinas"? Falkland Islands
11%
What animal is an ingredient in "Bombay Duck"? Fish
11%
What is considered to be a continuous lever? Wheel and axle
11%
Name the southernmost point of Africa Cape Agulhas
0%
What name is given to an opening in the earth's crust which emits steam and volcanic gases? Fumerole
0%
What weapon is associated with the Gurkhas of Nepal? Kukri
0%
What Russian word means "fellow traveller"? Sputnik
0%
By what other name is Indian palm wine known? Toddy
0%
Name the sour liquid used in foods before vinegar became freely available Verjuice
0%
No matching quizzes found
Score Distribution
Percent of People with Each Score
Percentile by Number Answered
Your Score History
You have not taken this quiz